| 000 | 00633nam a2200181Ia 4500 | ||
|---|---|---|---|
| 003 | GCL | ||
| 008 | 140319s9999 xx 000 0 ara d | ||
| 040 |
_aGCL / _cGCL |
||
| 082 | 0 | 4 |
_a346.048 _bم ج |
| 100 | 1 | _aمحسن فؤاد فراج | |
| 245 | 1 | 0 |
_aجرائم الفكر والرأى والنشر النظرية العامة لجرائم التعبير / _cمحسن فؤاد فراج |
| 260 |
_a[S.N] : _bدار الغد للثقافة والنشر ، _c1987 |
||
| 490 | _a | ||
| 650 | 0 | 4 | _aقانون الملكية الادبية |
| 650 | 0 | 4 | _aحق المؤلف |
| 650 | 0 | 4 | _aالقانون والادب |
| 942 |
_2ddc _cBK |
||
| 999 |
_c51893 _d51893 |
||